| 000 | 00000nas 2200000zi 4500 |
| 001 | 9.898326 |
| 003 | CaOODSP |
| 005 | 20240305143515 |
| 006 | m o d f |
| 007 | cr cn||||||||| |
| 008 | 210407c20199999oncar p o f0###a0eng|d |
| 022 | |a2818-0518 |
| 040 | |aCaOODSP|beng|erda|cCaOODSP |
| 043 | |an-cn--- |
| 086 | 1 |aPS61-39E-PDF |
| 222 | 0|aPublic report on organized crime in Canada |
| 245 | 00|aPublic report on organized crime in Canada / |cCriminal Intelligence Service Canada. |
| 246 | 13|aPublic report on organized crime |
| 264 | 1|a[Ottawa] : |bCriminal Intelligence Service Canada, |c2019- |
| 310 | |aAnnual |
| 336 | |atext|btxt|2rdacontent |
| 337 | |acomputer|bc|2rdamedia |
| 338 | |aonline resource|bcr|2rdacarrier |
| 362 | 1 |aBegan with: 2019. |
| 500 | |aIssued also in French under title: Rapport public sur le crime organisé au Canada. |
| 588 | |aDescription based on: 2019. |
| 588 | |aLatest issue consulted: 2022. |
| 650 | 0|aOrganized crime|zCanada|vPeriodicals. |
| 655 | 7|aPeriodicals|2lcgft |
| 710 | 2 |aCriminal Intelligence Service Canada, |eissuing body. |
| 775 | 08|tRapport public sur le crime organisé au Canada / |w(CaOODSP)9.898333 |
| 780 | 00|tReport on organized crime |w(CaOODSP)9.506134 |